| 000 | 02719cam a22002298i 4500 | ||
|---|---|---|---|
| 999 |
_c10513 _d10513 |
||
| 003 | OSt | ||
| 005 | 20230309094340.0 | ||
| 006 | m |o d | | ||
| 008 | 200819s2021 enk ob 001 0 eng | ||
| 020 |
_z9780367524432 _q(paperback) |
||
| 082 | 0 | 0 |
_a729 _223 _bUNW |
| 100 | 1 |
_aUnwin, Simon, _d1952- _eauthor. |
|
| 245 | 1 | 0 |
_aAnalysing architecture : _bthe universal language of place-making / _cSimon Unwin. |
| 250 | _a5 ed. | ||
| 504 | _aIncludes bibliographical references and index. | ||
| 505 | 0 | _aArchitecture as Intellectual Structure and Identification of Place -- Basic Elements of Architecture -- Modifying Elements of Architecture -- Elements Doing More Than One Thing -- Using Things That Are There -- Primitive Place Types -- Architecture as Making Frames -- Geometries of Being -- Ideal Geometry -- Themes in Spatial Organisation: Space and Structure -- Parallel Walls -- Axis -- Grid -- Datum Place -- Stratification -- Transition, Hierarchy, Heart -- In-between -- Inhabited Wall -- Hidden -- Refuge and Prospect -- Temples and Cottages -- How Analysis Can Help Design. | |
| 520 | _a"Now in its fifth edition, Analysing Architecture has become internationally established as the best introduction to architecture. Aimed primarily at those studying architecture, it offers a clear and accessible insight into the workings of this rich and fascinating subject. With copious illustrations from his own notebooks, the author dissects examples from around the world and all periods of history to explain underlying strategies in architectural design and show how drawing may be used as a medium for analysis. This new edition of Analysing Architecture is revised and expanded. Notably, the chapter on 'How Analysis Helps Design' has been redeveloped to clearly explain this crucially important subject to a beginner audience. Two new chapters have been added to the section on 'Themes in Spatial Organisation', covering 'Axis', and 'The Hidden'. The 'Introduction' has been completely rewritten and the format revised. Works of architecture are instruments for managing, orchestrating, modifying our relationship with the world around us. They frame just about everything we do. Architecture is complex, subtle, frustrating... but ultimately extremely rewarding. It can be a difficult discipline to get to grips with; nothing in school quite prepares anyone for the particular demands of an architecture course. But this book will help"-- | ||
| 650 | 0 | _aArchitectural design. | |
| 650 | 0 |
_aArchitectural design _vCase studies. |
|
| 776 | 0 | 8 |
_iPrint version: _aUnwin, Simon, 1952- _tAnalysing architecture _b5. _dAbingdon, Oxon ; New York : Routledge, 2021. _z9780367523572 _w(DLC) 2020037811 |
| 942 | _2ddc | ||